Caricamento...
Golden book of Rigveda /
| Autore principale: | |
|---|---|
| Natura: | Printed Book |
| Lingua: | English |
| Pubblicazione: |
New Delhi:
Lotus press,
2006.
|
| Soggetti: |
| LEADER | 00555nam a2200157Ia 4500 | ||
|---|---|---|---|
| 008 | 121027s9999 xx 000 0 eng d | ||
| 020 | |a 8183820107 | ||
| 082 | |a 294.59212 |b GRI/G | ||
| 100 | |a Griffith,R.T.H. | ||
| 245 | |a Golden book of Rigveda / | ||
| 260 | |a New Delhi: |b Lotus press, |c 2006. | ||
| 300 | |a 229p | ||
| 505 | |a 1. Thought 2. Deities 3. Life 4. Events. | ||
| 653 | |a Rigveda | ||
| 999 | |c 56855 |d 56855 | ||
| 952 | |0 0 |1 0 |4 0 |6 294_592120000000000_GRI_G |7 0 |9 56833 |a UL |b UL |c ST1 |d 2012-10-27 |l 4 |m 1 |o 294.59212 GRI/G |p 82107 |r 2019-08-16 |s 2019-06-21 |w 2012-10-27 |y BK | ||